[Event "Malta op"]
[Site "Bugibba"]
[Date "2011.11.20"]
[Round "1"]
[White "Smith, Axel"]
[Black "Mateljak, Goran"]
[Result "1-0"]
[WhiteElo "2480"]
[BlackElo "1907"]
[PlyCount "67"]
[EventDate "2011.11.20"]
[EventType "swiss"]
[EventRounds "9"]
[EventCountry "MLT"]
[SourceTitle "CBM 145 Extra"]
[Source "ChessBase"]
[SourceDate "2012.01.03"]
[SourceVersion "1"]
[SourceVersionDate "2012.01.03"]
[SourceQuality "1"]

1. d4 Nf6 2. c4 g6 3. Nc3 Bg7 4. e4 d6 5. Be2 0-0 6. Nf3 Bg4 7. Be3 Nbd7 8. 0-0 e5 9. d5 a6 10. b4 h6 11. c5 Qe7 12. c6 bxc6 13. dxc6 Nb6 14. a4 a5 15. b5 Be6 16. Qc1 Kh7 17. Qa3 Bc4 18. Nd2 Bxe2 19. Nxe2 Ne8 20. Bxb6 cxb6 21. Nc4 Qd8 22. Rfd1 f5 23. Nxd6 Nxd6 24. Rxd6 Qh4 25. Qg3 Qxe4 26. Qxg6+ Kh8 27. Rd7 Rg8 28. Ng3 Qg4 29. Qxf5 Qxf5 30. Nxf5 Bf8 31. c7 Rc8 32. Rc1 Bc5 33. Rxc5 bxc5 34. b6 1-0

[Event "Mediterranean op 3rd"]
[Site "Rijeka"]
[Date "2009.12.05"]
[Round "9"]
[White "Logar, Metod"]
[Black "Mateljak, Goran"]
[Result "1-0"]
[WhiteElo "2071"]
[BlackElo "1936"]
[PlyCount "57"]
[EventDate "2009.11.27"]
[EventType "swiss"]
[EventRounds "9"]
[EventCountry "CRO"]
[SourceTitle "CBM 133 Extra"]
[Source "ChessBase"]
[SourceDate "2010.01.05"]
[SourceVersion "1"]
[SourceVersionDate "2010.01.05"]
[SourceQuality "1"]

1. e4 c5 2. Nf3 d6 3. d4 cxd4 4. Nxd4 Nf6 5. Nc3 a6 6. Bg5 e6 7. f4 Be7 8. Qf3 Nbd7 9. 0-0-0 Qc7 10. Bd3 Rb8 11. Rhe1 b5 12. e5 dxe5 13. fxe5 Bb7 14. Qg3 Ng8 15. Bxb5 axb5 16. Ndxb5 Qc5 17. Bxe7 Nxe7 18. Qxg7 Rg8 19. Nd6+ Kd8 20. Qxf7 Bc6 21. Rd3 Rxg2 22. Kb1 Rxb2+ 23. Kxb2 Qb4+ 24. Ka1 Rxc2 25. Rb1 Qa5 26. Qe8+ Kc7 27. Ndb5+ Bxb5 28. Rxd7+ Bxd7 29. Qb8+ 1-0

[Event "Mediterranean op 3rd"]
[Site "Rijeka"]
[Date "2009.12.01"]
[Round "5"]
[White "Mateljak, Goran"]
[Black "Bjelicic, Jan"]
[Result "0-1"]
[WhiteElo "1936"]
[BlackElo "2087"]
[PlyCount "100"]
[EventDate "2009.11.27"]
[EventType "swiss"]
[EventRounds "9"]
[EventCountry "CRO"]
[SourceTitle "CBM 133 Extra"]
[Source "ChessBase"]
[SourceDate "2010.01.05"]
[SourceVersion "1"]
[SourceVersionDate "2010.01.05"]
[SourceQuality "1"]

1. Nf3 Nf6 2. g3 g6 3. Bg2 Bg7 4. 0-0 0-0 5. c4 d6 6. Nc3 e5 7. Rb1 Nbd7 8. b4 Nh5 9. Qb3 c6 10. d3 Kh8 11. Ne4 Qe7 12. c5 d5 13. Nd6 h6 14. Nh4 Kh7 15. e4 d4 16. Bh3 Nb6 17. Nxc8 Nxc8 18. b5 cxb5 19. Qxb5 Rb8 20. Ba3 Re8 21. Rb3 a6 22. Qd7 Na7 23. c6 Qxd7 24. Bxd7 bxc6 25. Bxe8 Rxe8 26. Rb7 Nb5 27. Bb4 Bf6 28. Rxf7+ Kg8 29. Rb7 Bxh4 30. gxh4 Nf4 31. Rd1 Rd8 32. Rb6 c5 33. Ba5 Nc3 34. Rd2 Rc8 35. Bxc3 dxc3 36. Rc2 Rd8 37. Rb1 Rxd3 38. Rb8+ Kf7 39. Rb7+ Ke6 40. Rb6+ Kd7 41. Rb1 c4 42. Kf1 Rh3 43. Rd1+ Kc6 44. Kg1 Kc5 45. Re1 Kd4 46. Re3 Rxe3 47. fxe3+ Kxe3 48. Rxc3+ Kd4 49. Ra3 c3 50. Rxa6 c2 0-1

[Event "Mediterranean op 2nd"]
[Site "Rijeka"]
[Date "2008.12.05"]
[Round "8"]
[White "Zelic, Mladen"]
[Black "Mateljak, Goran"]
[Result "1-0"]
[WhiteElo "2319"]
[BlackElo "1917"]
[PlyCount "45"]
[EventDate "2008.11.29"]
[EventType "swiss"]
[EventRounds "9"]
[EventCountry "CRO"]
[SourceTitle "CBM 127 Extra"]
[Source "ChessBase"]
[SourceDate "2009.01.08"]
[SourceVersion "2"]
[SourceVersionDate "2009.01.28"]
[SourceQuality "1"]

1. e4 c6 2. d4 d5 3. Nc3 dxe4 4. Nxe4 Nd7 5. Nf3 Ngf6 6. Ng3 e6 7. Bd3 Bd6 8. 0-0 Qc7 9. Re1 0-0 10. b3 b6 11. Bb2 Bb7 12. Ne5 c5 13. Nh5 Nxh5 14. Qxh5 g6 15. Qh4 Qd8 16. Qh3 Qe7 17. Nxg6 fxg6 18. Rxe6 Qf7 19. Rxd6 Qxf2+ 20. Kh1 Rae8 21. Bc4+ Rf7 22. Bxf7+ Qxf7 23. Rxd7 1-0